Sports Quiz

Random Sports or NHL Quiz

NHL Top Starting Lineup per Team (2000s) Quiz Stats

Quiz Updated Nov 20, 2014

Challenge
Share
Tweet
Embed
Score 0/180 Timer 20:00
2 Plays Today
Team Player % Correct
Pittsburgh PenguinsSidney Crosby
79.7%
Anaheim (Mighty) DucksTeemu Selänne
76.4%
Washington CapitalsAlex Ovechkin
76%
Calgary FlamesJarome Iginla
75.1%
Boston BruinsJoe Thornton
73.6%
San Jose SharksJoe Thornton
73.6%
Atlanta ThrashersIlya Kovalchuk
70.5%
Colorado AvalancheJoe Sakic
69.8%
Pittsburgh PenguinsEvgeni Malkin
69.8%
Vancouver CanucksDaniel Sedin
69%
Vancouver CanucksHenrik Sedin
69%
Tampa Bay LightningMartin St. Louis
68.8%
Dallas StarsMike Modano
67.7%
Columbus Blue JacketsRick Nash
67.4%
Boston BruinsZdeno Chara
66.9%
Detroit Red WingsPavel Datsyuk
66.7%
Carolina HurricanesEric Staal
66.2%
Detroit Red WingsHenrik Zetterberg
66.2%
Detroit Red WingsNicklas Lidström
65.3%
Ottawa SenatorsDaniel Alfredsson
64.7%
New York RangersJaromir Jagr
64.5%
Anaheim (Mighty) DucksPaul Kariya
63.8%
Anaheim (Mighty) DucksRyan Getzlaf
63.5%
Ottawa SenatorsDany Heatley
63.4%
Colorado AvalanchePatrick Roy
63.4%
Buffalo SabresDerek Roy
63.2%
Tampa Bay LightningVincent Lecavalier
62.6%
New Jersey DevilsMartin Brodeur
61.9%
Toronto Maple LeafsMats Sundin
61.9%
Boston BruinsTim Thomas
61.8%
Atlanta ThrashersMarian Hossa
60%
Florida PanthersRoberto Luongo
59.9%
Vancouver CanucksRoberto Luongo
59.9%
San Jose SharksPatrick Marleau
59.7%
Anaheim (Mighty) DucksChris Pronger
59.5%
St. Louis BluesChris Pronger
59.4%
Buffalo SabresRyan Miller
58.4%
Phoenix CoyotesShane Doan
57.7%
Anaheim (Mighty) DucksScott Niedermayer
57.4%
New Jersey DevilsScott Niedermayer
57.4%
Pittsburgh PenguinsMarc-Andre Fleury
57.2%
New Jersey DevilsPatrik Elias
57.2%
New York RangersTheoren Fleury
57.1%
Tampa Bay LightningBrad Richards
56.4%
Anaheim (Mighty) DucksJean-Sebastien Giguere
56.1%
Carolina HurricanesCam Ward
55%
Montreal CanadiensSaku Koivu
54.9%
Detroit Red WingsChris Osgood
54.5%
Ottawa SenatorsJason Spezza
54.4%
Minnesota WildMarian Gaborik
53.9%
Vancouver CanucksMarkus Näslund
52.7%
New York RangersHenrik Lundqvist
51.3%
Carolina HurricanesRod Brind'Amour
50%
Calgary FlamesMiikka Kiprusoff
49.3%
Colorado AvalancheMilan Hejduk
49.1%
Colorado AvalancheRob Blake
48.9%
Los Angeles KingsRob Blake
48.9%
New York IslandersJason Blake
48.8%
Edmonton OilersRyan Smyth
48.6%
Florida PanthersPavel Bure
45.2%
Team Player % Correct
San Jose SharksEvgeni Nabokov
44.3%
Washington CapitalsOlaf Kölzig
44.1%
Dallas StarsMarty Turco
43.6%
Tampa Bay LightningNikolai Khabibulin
43.2%
Detroit Red WingsBrendan Shanahan
42.7%
Phoenix CoyotesJeremy Roenick
41.5%
Montreal CanadiensJose Theodore
41.4%
Toronto Maple LeafsCurtis Joseph
41.1%
Pittsburgh PenguinsSergei Gonchar
40.8%
Washington CapitalsSergei Gonchar
40.8%
St. Louis BluesKeith Tkachuk
40.1%
New Jersey DevilsScott Gomez
40%
Carolina HurricanesRon Francis
39.7%
Tampa Bay LightningDan Boyle
39.3%
Montreal CanadiensAlex Kovalev
39%
Pittsburgh PenguinsAlex Kovalev
39%
Philadelphia FlyersJohn LeClair
38.9%
Nashville PredatorsDavid Legwand
38.8%
Chicago BlackhawksDuncan Keith
38.8%
Florida PanthersOlli Jokinen
38.7%
Philadelphia FlyersMark Recchi
38.6%
New York IslandersRick DiPietro
37.8%
Dallas StarsSergei Zubov
37.6%
New York RangersBrian Leetch
37.2%
Montreal CanadiensAndrei Markov
36.6%
Washington CapitalsMike Green
36.4%
St. Louis BluesBrent Johnson
36.3%
Toronto Maple LeafsTomas Kaberle
35.9%
Atlanta ThrashersFrantisek Kaberle
35.9%
Colorado AvalancheAlex Tanguay
35.8%
New Jersey DevilsBrian Gionta
35.1%
Washington CapitalsPeter Bondra
34.9%
Atlanta ThrashersKari Lehtonen
34.8%
Philadelphia FlyersSimon Gagne
34.5%
New York IslandersAlexei Yashin
34.2%
New Jersey DevilsBrian Rafalski
33.5%
Calgary FlamesDion Phaneuf
32.8%
Los Angeles KingsLuc Robitaille
31.5%
Chicago BlackhawksBrent Seabrook
31.3%
Ottawa SenatorsWade Redden
31.2%
St. Louis BluesDoug Weight
31.2%
St. Louis BluesAl MacInnis
31.1%
Nashville PredatorsTomas Vokoun
30.8%
Buffalo SabresMiroslav Satan
30.5%
Boston BruinsGlen Murray
29.6%
Ottawa SenatorsPatrick Lalime
29.5%
Edmonton OilersAles Hemsky
29.3%
Pittsburgh PenguinsRyan Whitney
28.4%
Ottawa SenatorsChris Phillips
28.1%
San Jose SharksJonathan Cheechoo
28.1%
Los Angeles KingsZiggy Palffy
27.6%
Vancouver CanucksEd Jovanovski
27.5%
Dallas StarsBrenden Morrow
27.3%
Edmonton OilersTommy Salo
27.3%
Washington CapitalsAdam Oates
26.9%
Nashville PredatorsKimmo Timonen
26.3%
Toronto Maple LeafsBryan McCabe
25.6%
Minnesota WildManny Fernandez
25.3%
Atlanta ThrashersVyacheslav Kozlov
25.1%
Buffalo SabresBrian Campbell
24.7%
Team Player % Correct
St. Louis BluesPavol Demitra
24.3%
Chicago BlackhawksEric Daze
23.8%
Nashville PredatorsMartin Erat
23.6%
Edmonton OilersShawn Horcoff
22.9%
Dallas StarsJere Lehtinen
22.9%
Chicago BlackhawksSteve Sullivan
22.3%
Minnesota WildBrent Burns
21%
Florida PanthersJay Bouwmeester
20.8%
Calgary FlamesCraig Conroy
20.7%
Vancouver CanucksMattias Ohlund
20.5%
Boston BruinsSergei Samsonov
20.4%
Philadelphia FlyersRoman Cechmanek
20.4%
Nashville PredatorsScott Hartnell
20.3%
Los Angeles KingsFelix Potvin
20%
Minnesota WildAndrew Brunette
19.9%
Buffalo SabresMaxim Afinogenov
19.4%
Toronto Maple LeafsDarcy Tucker
18.9%
Philadelphia FlyersEric Desjardins
18.6%
Phoenix CoyotesSean Burke
18.6%
Florida PanthersNathan Horton
17.7%
Columbus Blue JacketsDavid Vyborny
17%
Phoenix CoyotesTeppo Numminen
16.6%
Chicago BlackhawksJocelyn Thibault
16.6%
Los Angeles KingsLubomir Visnovsky
16.3%
Carolina HurricanesGlen Wesley
16.2%
Detroit Red WingsMathieu Schneider
15.2%
Calgary FlamesDaymond Langkow
14.7%
Chicago BlackhawksAlex Zhamnov
14.6%
Calgary FlamesRobyn Regehr
14.2%
Columbus Blue JacketsMarc Denis
13.8%
Toronto Maple LeafsNik Antropov
13.5%
New York IslandersRoman Hamrlik
13.4%
Carolina HurricanesSean Hill
13.3%
Minnesota WildPierre-Marc Bouchard
13%
Tampa Bay LightningPavel Kubina
12.7%
Nashville PredatorsMarek Zidlicky
12.5%
New York RangersPetr Nedved
12.5%
Columbus Blue JacketsRostislav Klesla
11.8%
Colorado AvalancheJohn-Michael Liles
11.8%
San Jose SharksBrad Stuart
11.5%
Dallas StarsDarryl Sydor
11.3%
Los Angeles KingsAlex Frolov
11.1%
Montreal CanadiensMichael Ryder
11%
Boston BruinsDennis Wideman
10.9%
San Jose SharksChristian Ehrhoff
9.5%
Columbus Blue JacketsNikolai Zherdev
9.3%
Montreal CanadiensPatrice Brisebois
8.6%
Minnesota WildFilip Kuba
8.4%
New York IslandersMariusz Czerkawski
7.9%
New York IslandersKenny Jönsson
7.3%
Columbus Blue JacketsRon Hainsey
6.4%
Florida PanthersRobert Svehla
6.4%
Philadelphia FlyersKim Johnsson
6.2%
Edmonton OilersJanne Niinimaa
6%
Phoenix CoyotesLadislav Nagy
5.8%
Edmonton OilersSteve Staios
4.9%
New York RangersMichal Rozsival
4.5%
Atlanta ThrashersYannick Tremblay
4%
Buffalo SabresDmitri Kalinin
3.6%
Phoenix CoyotesPaul Mara
3.4%

You're not logged in!

Compare scores with friends on all Sporcle quizzes.
Join for Free
OR
Log In

You Might Also Like...

Show Comments

Extras

Top Quizzes Today


Score Distribution

Your Account Isn't Verified!

In order to create a playlist on Sporcle, you need to verify the email address you used during registration. Go to your Sporcle Settings to finish the process.

Report this User

Report this user for behavior that violates our Community Guidelines.

Details: